<?xml version="1.0" encoding="UTF-8"?>
<record
    xmlns:xsi="http://www.w3.org/2001/XMLSchema-instance"
    xsi:schemaLocation="http://www.loc.gov/MARC21/slim http://www.loc.gov/standards/marcxml/schema/MARC21slim.xsd"
    xmlns="http://www.loc.gov/MARC21/slim">

  <leader>02473nam a2200337   4500</leader>
  <controlfield tag="003">AR-BeUNQ</controlfield>
  <controlfield tag="005">20260505175152.0</controlfield>
  <controlfield tag="008">230721b2022    ag bo||g ||||s00| 0 spa d</controlfield>
  <datafield tag="040" ind1=" " ind2=" ">
    <subfield code="a">AR-BeUNQ</subfield>
    <subfield code="b">spa</subfield>
    <subfield code="e">aacr</subfield>
    <subfield code="c">AR-BeUNQ</subfield>
  </datafield>
  <datafield tag="041" ind1=" " ind2=" ">
    <subfield code="h">spa</subfield>
  </datafield>
  <datafield tag="044" ind1=" " ind2=" ">
    <subfield code="a">ag</subfield>
  </datafield>
  <datafield tag="082" ind1=" " ind2=" ">
    <subfield code="a">982</subfield>
    <subfield code="2">21</subfield>
  </datafield>
  <datafield tag="245" ind1="0" ind2="0">
    <subfield code="a">Malvinas y el mar</subfield>
  </datafield>
  <datafield tag="250" ind1=" " ind2=" ">
    <subfield code="a">1a ed.</subfield>
  </datafield>
  <datafield tag="260" ind1=" " ind2=" ">
    <subfield code="a">Ciudad Aut&#xF3;noma de Buenos Aires :</subfield>
    <subfield code="b">Ministerio de Educaci&#xF3;n,</subfield>
    <subfield code="c">2022.</subfield>
  </datafield>
  <datafield tag="300" ind1=" " ind2=" ">
    <subfield code="a">123 p. :</subfield>
    <subfield code="b">fot. col., mapas ;</subfield>
    <subfield code="c">21 cm.</subfield>
  </datafield>
  <datafield tag="500" ind1=" " ind2=" ">
    <subfield code="a">Programa Educaci&#xF3;n y Memoria.</subfield>
  </datafield>
  <datafield tag="504" ind1=" " ind2=" ">
    <subfield code="a">Bibliograf&#xED;a al final de cada cap&#xED;tulo.</subfield>
  </datafield>
  <datafield tag="505" ind1="0" ind2=" ">
    <subfield code="a">Memorias de Malvinas desde el Atl&#xE1;ntico Sur -- Presentaci&#xF3;n -- Pr&#xF3;logo -- Orientaciones para el aula -- Las Malvinas y el Atl&#xE1;ntico Sur: historia y soberan&#xED;a desde el mar. Las Malvinas y los espacios mar&#xED;timos argentinos. Las Malvinas en la historia pol&#xED;tica del Atl&#xE1;ntico Sur. Escenas de hospitalidad en el mar argentino: el Diario de Mar&#xED;a S&#xE1;ez de Vernet. Las razones del reclamo de ejercicio pleno de la soberan&#xED;a. El Atl&#xE1;ntico Sur en el siglo XX. Bibliograf&#xED;a -- El mar y la guerra: memorias de Malvinas desde el mar. Breve cr&#xF3;nica de la guerra. El hundimiento del ARA General Belgrano: los lazos solidarios entre rescatistas y sobrevivientes. Memorias del Belgrano. La sanidad en el mar durante la guerra y el papel de las veteranas. El mar como reencuentro con la vida. La guerra narrada desde el mar en la literatura argentina. Bibliograf&#xED;a -- Las islas: im&#xE1;genes de la Naci&#xF3;n. Las islas y la construcci&#xF3;n de la identidad nacional. Las Malvinas como s&#xED;mbolo nacional: disputas en la historia cultural argentina. Las Malvinas y la guerra: entre el "pa&#xED;s de los cuentos" y el mapa borroneado. Pensar Malvinas desde las escuelas. Bibliograf&#xED;a.</subfield>
  </datafield>
  <datafield tag="650" ind1=" " ind2="7">
    <subfield code="a">Historia argentina</subfield>
    <subfield code="2">tha</subfield>
  </datafield>
  <datafield tag="650" ind1=" " ind2="7">
    <subfield code="a">Guerra de Malvinas</subfield>
    <subfield code="2">tha</subfield>
  </datafield>
  <datafield tag="651" ind1=" " ind2=" ">
    <subfield code="a">Islas Malvinas</subfield>
    <subfield code="2">spines</subfield>
  </datafield>
  <datafield tag="653" ind1=" " ind2=" ">
    <subfield code="a">Soberan&#xED;a</subfield>
  </datafield>
  <datafield tag="710" ind1=" " ind2=" ">
    <subfield code="a">Argentina.</subfield>
    <subfield code="b">Ministerio de Educaci&#xF3;n</subfield>
  </datafield>
  <datafield tag="929" ind1="1" ind2=" ">
    <subfield code="a">DONACION</subfield>
    <subfield code="b">Ministerio de Educaci&#xF3;n de la Naci&#xF3;n</subfield>
    <subfield code="d">0</subfield>
    <subfield code="e">20230629</subfield>
    <subfield code="f">PAT0080210</subfield>
    <subfield code="h">1</subfield>
    <subfield code="j">61355</subfield>
  </datafield>
  <datafield tag="929" ind1=" " ind2=" ">
    <subfield code="a">DONACION</subfield>
    <subfield code="b">Ministerio de Educaci&#xF3;n de la Naci&#xF3;n</subfield>
    <subfield code="e">20230629</subfield>
    <subfield code="f">PAT0080211</subfield>
    <subfield code="h">2</subfield>
    <subfield code="j">61356</subfield>
    <subfield code="c">0</subfield>
  </datafield>
  <datafield tag="929" ind1=" " ind2=" ">
    <subfield code="a">DONACION</subfield>
    <subfield code="b">Ministerio de Educaci&#xF3;n de la Naci&#xF3;n</subfield>
    <subfield code="e">20230629</subfield>
    <subfield code="f">PAT0084979</subfield>
    <subfield code="h">5</subfield>
    <subfield code="j">62250</subfield>
  </datafield>
  <datafield tag="929" ind1=" " ind2=" ">
    <subfield code="a">DONACION</subfield>
    <subfield code="b">Minsiterio de Educaci&#xF3;n de la Nacion</subfield>
    <subfield code="d">0</subfield>
    <subfield code="e">14-03-2024</subfield>
    <subfield code="f">PAT00822506</subfield>
    <subfield code="h">3</subfield>
    <subfield code="j">61498</subfield>
    <subfield code="c">0</subfield>
  </datafield>
  <datafield tag="929" ind1=" " ind2=" ">
    <subfield code="a">DONACION</subfield>
    <subfield code="b">Minsiterio de Educaci&#xF3;n de la Nacion</subfield>
    <subfield code="d">0</subfield>
    <subfield code="e">14-03-2024</subfield>
    <subfield code="f">PAT0083823</subfield>
    <subfield code="h">4</subfield>
    <subfield code="j">61620</subfield>
  </datafield>
  <datafield tag="942" ind1=" " ind2=" ">
    <subfield code="c">LIB</subfield>
    <subfield code="n">0</subfield>
  </datafield>
  <datafield tag="999" ind1=" " ind2=" ">
    <subfield code="c">949</subfield>
    <subfield code="d">949</subfield>
  </datafield>
  <datafield tag="952" ind1=" " ind2=" ">
    <subfield code="0">0</subfield>
    <subfield code="1">0</subfield>
    <subfield code="a">BIBESET</subfield>
    <subfield code="b">BIBESET</subfield>
    <subfield code="c">sala</subfield>
    <subfield code="d">2023-07-21</subfield>
    <subfield code="o">982 MIN</subfield>
    <subfield code="p">61355</subfield>
    <subfield code="r">2023-07-21</subfield>
    <subfield code="t">1</subfield>
    <subfield code="y">LIB</subfield>
    <subfield code="k">GS</subfield>
  </datafield>
  <datafield tag="952" ind1=" " ind2=" ">
    <subfield code="0">0</subfield>
    <subfield code="1">0</subfield>
    <subfield code="a">BIBESET</subfield>
    <subfield code="b">BIBESET</subfield>
    <subfield code="c">circulacion</subfield>
    <subfield code="d">2023-07-21</subfield>
    <subfield code="o">982 MIN</subfield>
    <subfield code="p">61356</subfield>
    <subfield code="r">2023-07-21</subfield>
    <subfield code="t">2</subfield>
    <subfield code="y">LIB</subfield>
    <subfield code="k">GS</subfield>
  </datafield>
  <datafield tag="952" ind1=" " ind2=" ">
    <subfield code="0">0</subfield>
    <subfield code="1">0</subfield>
    <subfield code="a">BIBESET</subfield>
    <subfield code="b">BIBESET</subfield>
    <subfield code="c">circulacion</subfield>
    <subfield code="d">2024-06-13</subfield>
    <subfield code="o">306/MIN</subfield>
    <subfield code="p">61498</subfield>
    <subfield code="r">2024-06-18</subfield>
    <subfield code="t">3</subfield>
    <subfield code="y">LIB</subfield>
    <subfield code="k">GA</subfield>
  </datafield>
  <datafield tag="952" ind1=" " ind2=" ">
    <subfield code="0">0</subfield>
    <subfield code="1">0</subfield>
    <subfield code="a">BIBESET</subfield>
    <subfield code="b">BIBESET</subfield>
    <subfield code="c">circulacion</subfield>
    <subfield code="d">2025-06-04</subfield>
    <subfield code="l">0</subfield>
    <subfield code="o">982 MIN</subfield>
    <subfield code="p">61620</subfield>
    <subfield code="r">2025-06-04</subfield>
    <subfield code="t">4</subfield>
    <subfield code="w">2025-06-04</subfield>
    <subfield code="y">LIB</subfield>
    <subfield code="k">GA</subfield>
  </datafield>
</record>
